Score 0/16 Timer 04:00
0 Plays Today
% Correct
Day
99.8%
Girl
96.4%
Tomorrow
95%
Curious
87.9%
Network
83.8%
Love
78.5%
Pan's
75%
Hell
70.8%
% Correct
Panic
67.7%
Pacific
67.4%
Dead
61.2%
House
48.1%
Darkness
40.5%
Golden
30.5%
Devil's
27%
Universal
21%

Today's Daily Dose

Missing Word
'D' in Video Games

Word Ladder
Lent Begins

Get the Picture
Antz or A Bug's Life?

You're not logged in!

Compare scores with friends on all Sporcle quizzes.
OR
Log In

Sporcle TV

Today on Sporcle TV


Watch our educational content, quiz creation guides, and fun videos on Sporcle TV.

Show Comments

Extras

Top Quizzes Today


Score Distribution

Paid Content

Your Account Isn't Verified!

In order to create a playlist on Sporcle, you need to verify the email address you used during registration. Go to your Sporcle Settings to finish the process.

Report this User

Report this user for behavior that violates our Community Guidelines.

Details: